<?xml version="1.0" encoding="UTF-8"?>
<record
    xmlns:xsi="http://www.w3.org/2001/XMLSchema-instance"
    xsi:schemaLocation="http://www.loc.gov/MARC21/slim http://www.loc.gov/standards/marcxml/schema/MARC21slim.xsd"
    xmlns="http://www.loc.gov/MARC21/slim">

  <leader>03183nab a2200301 uc4500</leader>
  <controlfield tag="001">831193</controlfield>
  <controlfield tag="003">OSt</controlfield>
  <controlfield tag="005">20251002100350.0</controlfield>
  <controlfield tag="008">030714e20020701                    spa  </controlfield>
  <datafield tag="035" ind1=" " ind2=" ">
    <subfield code="a">831193</subfield>
  </datafield>
  <datafield tag="035" ind1=" " ind2=" ">
    <subfield code="a">(OCoLC)820042700</subfield>
  </datafield>
  <datafield tag="040" ind1=" " ind2=" ">
    <subfield code="c">comduadb</subfield>
  </datafield>
  <datafield tag="041" ind1=" " ind2=" ">
    <subfield code="a">spa</subfield>
  </datafield>
  <datafield tag="100" ind1="1" ind2="0">
    <subfield code="a">Franca, Ana Cristina</subfield>
    <subfield code="4">aut</subfield>
    <subfield code="e">aut</subfield>
    <subfield code="9">529485</subfield>
  </datafield>
  <datafield tag="245" ind1="1" ind2="0">
    <subfield code="a">Paradigmas de la calidad de vida en el trabajo y sistemas participativos. Estudio de caso del Instituto de Investigaciones Tecnologicas IPT</subfield>
  </datafield>
  <datafield tag="520" ind1="3" ind2=" ">
    <subfield code="a">El ambiente de trabajo en el &#xE1;rea de investigaci&#xF3;n en ciencia y tecnolog&#xED;a (C&amp;T) es revestido de especificidades todav&#xED;a poco estudiadas. M&#xE1;s conocidos son los estereotipos asociados a los investigadores referentes al concepto de autonom&#xED;a cient&#xED;fica y prestigio acad&#xE9;mico. En este ambiente, las cuestiones relativas a la calidad de vida en el trabajo (CVT) son bastante complejas debido, entre otros factores, a la heterogeneidad de estilos socio-funcionales. La identificaci&#xF3;n de nuevos paradigmas, para tratar de pr&#xE1;cticas relativas al bien estar en el trabajo y sus interligaciones con sistemas de participaci&#xF3;n y de comportamiento de informaciones, puede abrir un nuevo padr&#xF3;n conceptual y anal&#xED;tico para la gesti&#xF3;n del proceso de innovaci&#xF3;n tecnol&#xF3;gica.  Se realiz&#xF3; una investigaci&#xF3;n de campo con 130 entrevistas en diversos segmentos ocupacionales del IPT. Fueron utilizadas variables de estilos de gesti&#xF3;n que surgen de un modelo que interrelaciona los par&#xE1;metros de informaciones/participaci&#xF3;n con posicionamientos de iniciativa (proactividad o relatividad) en el gerenciamiento de recursos. As&#xED;, tenemos los estilos: iniciativa/riesgo, burocr&#xE1;tico, estrat&#xE9;gico y redes de competencias. Para cada uno de estos estilos se indicaron variables cr&#xED;ticas de calidad de vida en el trabajo, con el prop&#xF3;sito de desarrollar un sistema de gesti&#xF3;n que favorece un contacto m&#xE1;s estrecho entre la oferta de conocimientos tecnol&#xF3;gicos y su demanda social. Se busc&#xF3; identificar la composici&#xF3;n de grupos (cl&#xFA;steres) t&#xED;picos de la gesti&#xF3;n y de la calidad de vida en el trabajo.  Los resultados demostraron la importancia del perfeccionamiento de los sistemas de gesti&#xF3;n participativa para el cambio en la calidad de vida y para la modernizaci&#xF3;n de culturas organizacionales en ambientes de investigaci&#xF3;n. Se destacan positivamente los aspectos de desaf&#xED;o para la innovaci&#xF3;n y motivaci&#xF3;n del equipo y la percepci&#xF3;n generalizada de la poca influencia de las pol&#xED;ticas institucionales y gubernamentales como factores de suceso de las actividades de investigaci&#xF3;n.</subfield>
  </datafield>
  <datafield tag="650" ind1=" " ind2="7">
    <subfield code="a">Capital humano</subfield>
    <subfield code="2">lemb</subfield>
    <subfield code="9">15981</subfield>
  </datafield>
  <datafield tag="650" ind1=" " ind2="7">
    <subfield code="a">Investigaci&#xF3;n</subfield>
    <subfield code="2">embne</subfield>
    <subfield code="9">51669</subfield>
  </datafield>
  <datafield tag="650" ind1=" " ind2="7">
    <subfield code="a">Innovaciones tecnol&#xF3;gicas</subfield>
    <subfield code="2">lemb</subfield>
    <subfield code="9">4465</subfield>
  </datafield>
  <datafield tag="650" ind1=" " ind2="7">
    <subfield code="a">Calidad de vida laboral</subfield>
    <subfield code="2">unescot</subfield>
    <subfield code="9">22388</subfield>
  </datafield>
  <datafield tag="650" ind1=" " ind2="7">
    <subfield code="a">Ciencia y tecnolog&#xED;a</subfield>
    <subfield code="2">lemb</subfield>
    <subfield code="9">44988</subfield>
  </datafield>
  <datafield tag="650" ind1=" " ind2="7">
    <subfield code="a">Cultura organizacional</subfield>
    <subfield code="2">armarc</subfield>
    <subfield code="9">31498</subfield>
  </datafield>
  <datafield tag="650" ind1=" " ind2=" ">
    <subfield code="a">Participaci&#xF3;n</subfield>
    <subfield code="9">32807</subfield>
  </datafield>
  <datafield tag="650" ind1=" " ind2=" ">
    <subfield code="a">Modelos de gesti&#xF3;n</subfield>
    <subfield code="9">56193</subfield>
  </datafield>
  <datafield tag="650" ind1=" " ind2=" ">
    <subfield code="a">An&#xE1;lisis de Cl&#xFA;ster</subfield>
    <subfield code="9">55668</subfield>
  </datafield>
  <datafield tag="773" ind1="0" ind2=" ">
    <subfield code="t">Tecnolog&#xED;a Administrativa (Medell&#xED;n)</subfield>
    <subfield code="g">Vol. 15, No. 36, Jul.-Dic. 2002, p. 107-131</subfield>
    <subfield code="w">149802</subfield>
    <subfield code="x">0120-0933</subfield>
    <subfield code="0">72540</subfield>
  </datafield>
  <datafield tag="942" ind1=" " ind2=" ">
    <subfield code="c">ARIMP</subfield>
    <subfield code="2">ddc</subfield>
  </datafield>
  <datafield tag="999" ind1=" " ind2=" ">
    <subfield code="c">291096</subfield>
    <subfield code="d">291096</subfield>
  </datafield>
</record>
